Trouver la région française (par rapport à son président) - Statistiques

Statistiques générales
  • Ce quiz a été pris 81 fois
  • Le résultat moyen est 10 sur 13
Statistiques - réponses
Président Parti Région % Correct
Valérie Pécresse LR Île-de-France
92%
Xavier Bertrand LR Hauts-de-France
90%
Jean-Yves Le Drian PS Bretagne
86%
Laurent Wauquiez LR Auvergne-Rhône-Alpes
80%
Gilles Simeoni IPC Corse
80%
Philippe Richert LR Grand Est
76%
Alain Rousset PS Nouvelle-Aquitaine
73%
Carole Delga PS Occitanie
73%
Hervé Morin UDI Normandie
72%
Renaud Muselier LR Provence-Alpes-Côte d'Azur
72%
François Bonneau PS Centre-Val de Loire
70%
Marie-Guite Dufay PS Bourgogne-Franche-Comté
62%
Bruno Retailleau LR Pays de la Loire
61%
Aucun quiz correspondant
Distribution des résultats
% des personnes avec chaque résultat
Percentile par nombre de réponses
Votre historique - résultats
Vous n’avez pas pris ce quiz